Slévárenská technologie. 2

Hlavní autor: Roučka, Jaromír, 1945-
Jazyk: Čeština
Vydáno: [Praha], 1988
Knihy
Uloženo v:
LEADER 00599nam a22001812a 4500
001 000284657
003 CZ BrMZK
005 19980105143423.0
007 ta
008 980105s1988 xr f cze d
040 |a BOA001  |b cze 
100 1 |a Roučka, Jaromír,  |d 1945-  |7 mzk2005279484 
245 1 0 |a Slévárenská technologie.  |n 2 
260 |a [Praha],  |c 1988 
910 |a BOA001  |b 4-0947.005 
990 |a BK 
996 7 |b 2619851869  |c 4-0947.005  |l MZK  |r Sklad / do 1 hodiny  |n 1  |w 000284657  |u 000020  |a 1  |e BOA001  |j MZK50  |s A 
996 6 |b 2619884735  |c 4-0947.005  |l MZK  |r Sklad / do 1 hodiny  |n 0  |w 000284657  |u 000010  |a 1  |e BOA001  |j MZK50  |s P